| 000 | 00588nam a2200181Ia 4500 | ||
|---|---|---|---|
| 008 | 100921s9999 xx 000 0 und d | ||
| 082 |
_b25463 _a891.468 थ 90 |
||
| 100 | _aधुरी गुरूनाथ. | ||
| 245 | _aआदिकाळोख. | ||
| 260 |
_bमॅजेस्टीक बुक स्टॉल,मुंबई. _c1990 |
||
| 300 |
_a134 _b--- |
||
| 365 | _b60 | ||
| 520 | _aललित-संकीर्ण. | ||
| 630 | _aआदिकाळोख. | ||
| 650 | _aललित-संकीर्ण. | ||
| 730 | _aआदिकाळोख. | ||
| 942 | _cBOOK | ||
| 999 |
_c774576 _d774573 |
||